[Event "ch-Commonwealth"]
[Site "Nagpur IND"]
[Date "2008.09.30"]
[Round "4"]
[White "Saurabh,K"]
[Black "Short,N"]
[Result "0-1"]
[WhiteElo "2213"]
[BlackElo "2655"]

1.Nf3 d5 2.d4 Bg4 3.Ne5 Bh5 4.Qd3 Qc8 5.g3 f6 6.Nf3 c5 7.Qb5+ Qc6 8.Nc3 e6
9.dxc5 Bxc5 10.Bh3 Kf7 11.O-O a6 12.Qb3 Ne7 13.Be3 Bxe3 14.fxe3 Bxf3 15.exf3 Nd7
16.Ne2 Nc5 17.Qc3 f5 18.Nd4 Qb6 19.b4 Nd7 20.Rae1 Rac8 21.Qb2 Rc4 22.a3 Rhc8
23.Rf2 Nf6 24.Bf1 Rc3 25.Bd3 g5 26.Ne2 R3c7 27.Qd4 Qd6 28.f4 g4 29.c4 Nc6
30.Qb2 dxc4 31.Bxc4 Ne4 32.Bb3 Qd2 33.Bxe6+ Kxe6 34.Nd4+ Nxd4 35.Rxd2 Nf3+
36.Kh1 Nexd2 37.Rd1 Ne4  0-1

[Event "ch-Commonwealth"]
[Site "Nagpur IND"]
[Date "2008.10.01"]
[Round "5"]
[White "Shashikant,K"]
[Black "Short,N"]
[Result "1/2-1/2"]
[WhiteElo "2340"]
[BlackElo "2655"]

1.e4 Nf6 2.e5 Nd5 3.d4 d6 4.Nf3 dxe5 5.Nxe5 c6 6.Be2 Bf5 7.O-O Nd7 8.Nf3 e6
9.c4 N5f6 10.Nc3 Bb4 11.Bf4 Bxc3 12.bxc3 O-O 13.Qb3 Qc8 14.Nh4 Bg4 15.f3 Bh5
16.g4 Bg6 17.Bd6 Rd8 18.Nxg6 hxg6 19.g5 Ne8 20.Be7 Qc7 21.Bxd8 Rxd8 22.f4 c5
23.d5 e5 24.f5 gxf5 25.Rxf5 Nd6 26.Rf2 e4 27.Raf1 Ne5 28.Qc2 Qd7 29.Rg2 Re8
30.Rf4 Qe7 31.Rxe4 Nxe4 32.Qxe4 Qd8 33.h4 Ng6 34.Qg4 Qe7 35.h5 Qe3+ 36.Rf2 Ne5
37.Qf4 Qxc3 38.h6 Qd4 39.Qf5 Rf8 40.hxg7 Kxg7 41.Qf6+ Kg8 42.Bh5 Qh4 43.Qxe5 Qxh5
44.Rh2  1/2-1/2

[Event "ch-Commonwealth"]
[Site "Nagpur IND"]
[Date "2008.10.02"]
[Round "6"]
[White "Short,N"]
[Black "Ramnath,B"]
[Result "1-0"]
[WhiteElo "2655"]
[BlackElo "2239"]

1.e4 c5 2.b3 Nc6 3.Bb2 e5 4.Bc4 d6 5.f4 exf4 6.Qf3 Nf6 7.Qxf4 Be7 8.Nc3 Be6
9.Nf3 O-O 10.O-O Nh5 11.Qe3 Bf6 12.Kh1 Re8 13.Bxe6 Rxe6 14.d3 b5 15.Qc1 Nd4
16.Nd5 Nxf3 17.Nxf6+ Nxf6 18.gxf3 Nh5 19.Rg1 Rg6 20.Rg4 Qe7 21.Qd2 Rf8 22.Rag1 Qe6
23.Rh4 Nf6 24.Rg3 Nd7 25.Qg2 Rxg3 26.Qxg3 f6 27.Rh5 Rd8 28.f4 Nf8 29.Rd5 Rd7
30.f5 Qe7 31.h4 Kh8 32.Bc1 c4 33.Bf4 cxd3 34.cxd3 Rc7 35.Bxd6 Rc1+ 36.Kg2 Qf7
37.Bxf8 Qxf8 38.Rxb5  1-0

[Event "ch-Commonwealth"]
[Site "Nagpur IND"]
[Date "2008.10.03"]
[Round "7"]
[White "Lodhi,M"]
[Black "Short,N"]
[Result "0-1"]
[WhiteElo "2379"]
[BlackElo "2655"]

1.d4 Nf6 2.Nf3 d5 3.g3 Bf5 4.Bg2 e6 5.O-O Be7 6.c4 c6 7.Nc3 O-O 8.b3 Nbd7
9.Bb2 a5 10.Nh4 Bg4 11.h3 Bh5 12.g4 Ne8 13.cxd5 exd5 14.Nf5 Bg6 15.f3 Bxf5
16.gxf5 Nb6 17.e4 g6 18.e5 gxf5 19.f4 Kh8 20.Kh2 Qd7 21.Rg1 Rg8 22.Qd3 Rg6
23.Bf3 Ng7 24.Ne2 a4 25.Ng3 Qe6 26.Rg2 Bh4 27.Rag1 axb3 28.axb3 Bxg3+ 29.Rxg3 Nc8
30.Bd1 Ne7 31.R1g2 Rxg3 32.Qxg3 Qh6 33.Qg5 Qxg5 34.fxg5 Ne6 35.h4 Ng6 36.Kg3 Ra2
37.b4 b6  0-1

[Event "ch-Commonwealth"]
[Site "Nagpur IND"]
[Date "2008.10.05"]
[Round "10"]
[White "Short,N"]
[Black "Hossain,Enam"]
[Result "1-0"]
[WhiteElo "2655"]
[BlackElo "2489"]

1.e4 c5 2.Nf3 Nc6 3.d4 cxd4 4.Nxd4 Nf6 5.Nc3 e5 6.Ndb5 d6 7.Bg5 a6 8.Na3 b5
9.Nd5 Be7 10.Bxf6 Bxf6 11.c3 Ne7 12.Nxf6+ gxf6 13.Bd3 d5 14.Qe2 Bb7 15.O-O-O Qb6
16.f3 b4 17.cxb4 Qxb4 18.Kb1 Rb8 19.Qd2 Qb6 20.Qh6 Rg8 21.Rd2 Rg6 22.Qxh7 Qe3
23.Rhd1 Kf8 24.Qh8+ Ng8 25.exd5 Bxd5 26.Nc4 Bxc4 27.Bxc4 Qb6 28.Qh7 Rg7 29.Qd3 Rg6
30.Qc3 Kg7  1-0

[Event "Match"]
[Site "Mukachevo UKR"]
[Date "2009.09.24"]
[Round "4"]
[White "Efimenko,Z"]
[Black "Short,N"]
[Result "1/2-1/2"]
[WhiteElo "2654"]
[BlackElo "2706"]

1.e4 e5 2.Nf3 Nc6 3.Bb5 a6 4.Ba4 Nf6 5.O-O Nxe4 6.d4 b5 7.Bb3 d5 8.dxe5 Be6
9.Nbd2 Nc5 10.c3 Nxb3 11.Nxb3 Be7 12.Nfd4 Nxd4 13.cxd4 a5 14.Qc2 Qd7 15.Be3 Bf5
16.Qc1 h6 17.Nc5 Qc6 18.Qd1 Qg6 19.Rc1 O-O 20.Bf4 h5 21.f3 a4 22.Kh1 Rfe8
23.Qd2 c6 24.Nb7 Bd7 25.Rfe1 Bf8 26.Nd6 Re6 27.h3 Bxd6 28.exd6 Rae8 29.Re5 f6
30.Rxe6 Rxe6 31.Re1 Qe8 32.Rxe6 Qxe6 33.h4 Kf7 34.Kh2 Qf5 35.Bg3 Qe6 36.Qa5 Qe8
37.Qc7 Ke6 38.a3 Kf7 39.Bf4 Qe6 40.Bd2 Ke8 41.Ba5 Kf7 42.Bd2 Ke8 43.Kg3 Kf7
44.Kf2 Kg6 45.Bf4 Kf7 46.Be3 Qf5 47.Qd8 Qe6 48.Bf4 Qe8 49.Qxe8+ Kxe8 50.Ke3  1/2-1/2

[Event "53rd Masters"]
[Site "Reggio Emilia ITA"]
[Date "2010.12.30"]
[Round "3"]
[White "Caruana,F"]
[Black "Short,N"]
[Result "1-0"]
[WhiteElo "2709"]
[BlackElo "2680"]

1.e4 e6 2.d4 d5 3.Nd2 c5 4.Ngf3 Nc6 5.exd5 exd5 6.Bb5 cxd4 7.O-O Bd6 8.Nb3 Ne7
9.Nbxd4 O-O 10.h3 Re8 11.c3 a6 12.Bd3 Nxd4 13.Nxd4 Nc6 14.Nf3 Bc7 15.Bg5 Qd6
16.Bh4 Qh6 17.Bc2 Be6 18.Bg3 Bxg3 19.fxg3 Rad8 20.Qd3 g6 21.g4 f5 22.Rae1 fxg4
23.hxg4 Bf7 24.g5 Qf8 25.Ba4 Rxe1 26.Rxe1 b5 27.Bb3 Qd6 28.Nd4 Nxd4 29.Qxd4 Qg3
30.Re5 a5 31.a3 b4 32.axb4 axb4 33.Bxd5 bxc3 34.bxc3 Bxd5 35.Rxd5 Rxd5 36.Qxd5+ Kg7
37.Qd2 Qc7 38.Qd4+ Kg8 39.c4 Qe7 40.c5 Qxg5 41.Qc4+ Kf8 42.c6 Qd8 43.Qf4+ Kg8
44.Kh2 Qd5 45.Qf6 Qh5+ 46.Kg3 Qc5 47.Kg4 Qd5 48.Kh3 Qh5+ 49.Kg3 Qc5 50.Qe6+ Kg7
51.Kf3 Qc3+ 52.Ke4 Qc2+ 53.Kd4 Qxg2 54.c7 Qd2+ 55.Kc5 Qa5+ 56.Kd6 Qa3+ 57.Kd7 Qa4+
58.Ke7 Qa7 59.Qd7  1-0

[Event "Gibraltar Masters"]
[Site "Caleta ENG"]
[Date "2011.02.01"]
[Round "8.2"]
[White "Gopal,G"]
[Black "Short,N"]
[Result "0-1"]
[WhiteElo "2597"]
[BlackElo "2658"]

1.e4 c6 2.d4 d5 3.Nc3 dxe4 4.Nxe4 Nf6 5.Nxf6+ gxf6 6.c3 Bf5 7.Nf3 Nd7 8.g3 Qa5
9.Bg2 Qb5 10.Nh4 Bg6 11.Nxg6 hxg6 12.Qb3 a6 13.d5 Nc5 14.Qxb5 cxb5 15.Ke2 Na4
16.h4 Bh6 17.f4 f5 18.Rb1 Bg7 19.Be3 O-O-O 20.Rhd1 Kb8 21.Rd3 Rd7 22.Kd2 Rc8
23.Bd4 Bxd4 24.Rxd4 Nb6 25.b3 Rcd8 26.c4 e6 27.Bf1 bxc4 28.bxc4 Ka7 29.Bg2 exd5
30.cxd5 Nxd5 31.Bxd5 Rxd5 32.Rxd5 Rxd5+ 33.Ke3 Ra5 34.Kd4 Rxa2 35.Ke5 Ra3
36.g4 fxg4 37.Kf6 g3 38.Rg1 Rf3 39.Kg5 a5 40.Kg4 Rc3 41.f5 a4 42.fxg6 fxg6
43.Kg5 Rc6 44.Rxg3 b5  0-1

[Event "11th BCC Thailand Open"]
[Site "Pattaya THA"]
[Date "2011.04.11"]
[Round "1"]
[White "Short,N"]
[Black "Wismeijer,J"]
[Result "1-0"]
[WhiteElo "2676"]
[BlackElo "2083"]

1.e4 d6 2.Nc3 Nf6 3.f4 e5 4.Nf3 Nbd7 5.Bc4 exf4 6.d4 Nb6 7.Bb3 d5 8.Qe2 Be7
9.Bxf4 O-O 10.O-O c6 11.Rae1 dxe4 12.Nxe4 Nxe4 13.Qxe4 Bf6 14.c3 g6 15.Be5 Bxe5
16.Nxe5 Nd5 17.h4 h5 18.Nxg6 fxg6 19.Qxg6+ Kh8  1-0

[Event "11th BCC Thailand Open"]
[Site "Pattaya THA"]
[Date "2011.04.15"]
[Round "7.1"]
[White "Short,N"]
[Black "Gustafsson,J"]
[Result "0-1"]
[WhiteElo "2676"]
[BlackElo "2647"]

1.e4 e5 2.Nf3 Nc6 3.Bb5 a6 4.Ba4 Nf6 5.O-O Be7 6.Re1 b5 7.Bb3 O-O 8.a3 Bc5
9.c3 d6 10.d4 Bb6 11.h3 h6 12.Be3 Bb7 13.Nbd2 Re8 14.d5 Ne7 15.Bxb6 cxb6
16.Ba2 Bc8 17.b4 Ng6 18.Re3 Nh7 19.Kh2 Rf8 20.Rc1 Nf4 21.c4 bxc4 22.Nxc4 b5
23.Na5 f5 24.Nc6 Qf6 25.Bb1 Kh8 26.Qb3 Bd7 27.exf5 Bxf5 28.Ncxe5 dxe5 29.Rc6 Qf7
30.Bxf5 Qxf5 31.Rxe5 Qd3 32.Qb2 Rf6 33.Rc7 Rg6  0-1

[Event "11th BCC Thailand Open"]
[Site "Pattaya THA"]
[Date "2011.04.16"]
[Round "8.2"]
[White "Sriram,J"]
[Black "Short,N"]
[Result "0-1"]
[WhiteElo "2442"]
[BlackElo "2676"]

1.d4 e6 2.c4 b6 3.a3 g6 4.Nc3 Bg7 5.Nf3 Ne7 6.g3 Ba6 7.Bg2 Bxc4 8.Ne5 Bd5
9.Nxd5 Nxd5 10.O-O O-O 11.Qb3 c6 12.e4 Ne7 13.Be3 d6 14.Nd3 Nd7 15.Rac1 a5
16.a4 Rc8 17.Rfd1 d5 18.Ne5 Nf6 19.f3 Qc7 20.Qa3 Rfd8 21.Bg5 c5 22.Bxf6 Bxf6
23.Ng4 Bg7 24.e5 Qa7 25.dxc5 bxc5 26.f4 c4+ 27.Kh1 Rb8 28.Rc3 Nf5 29.Nf6+ Bxf6
30.exf6 Qf2 31.Rb1 d4 32.Rcc1 Ne3 33.Be4 d3  0-1

[Event "11th BCC Thailand Open"]
[Site "Pattaya THA"]
[Date "2011.04.17"]
[Round "9.2"]
[White "Short,N"]
[Black "Kunte,A"]
[Result "1-0"]
[WhiteElo "2676"]
[BlackElo "2526"]

1.e4 c5 2.Nf3 e6 3.g3 d5 4.exd5 exd5 5.d4 Nc6 6.Bg2 Bd6 7.O-O Nge7 8.Nc3 a6
9.Be3 cxd4 10.Nxd4 O-O 11.Nxd5 Nxd5 12.Bxd5 Ne5 13.c4 Ng4 14.Re1 Qc7 15.Qd3 Nxe3
16.Rxe3 Bc5 17.Re4 Qb6 18.Rb1 a5 19.a3 Qg6 20.Rbe1 a4 21.Qd2 Ra6 22.Re5 Bd6
23.Re8 Bd7 24.Rxf8+ Bxf8 25.Bxb7 Rb6 26.Bd5 Qf6 27.Re4 g5 28.h4 h6 29.hxg5 hxg5
30.Re2 Bc5 31.Nf3 Bg4 32.Re8+ Kg7 33.Ne5 Bh3 34.Bxf7 Rb3 35.Rg8+ Kh7 36.Rxg5 Bxf2+
37.Qxf2 Qxg5 38.Bg6+ Qxg6 39.Nxg6 Kxg6 40.c5 Bg4 41.Qf4 Be6 42.Qe5 Bg4 43.c6 Rd3
44.Qf4 Kh5 45.c7 Rf3 46.Qxf3  1-0

[Event "CUCA Open"]
[Site "Luanda ANG"]
[Date "2011.05.17"]
[Round "1"]
[White "Short,N"]
[Black "Erikson,R"]
[Result "1-0"]
[WhiteElo "2682"]
[BlackElo "2196"]

1.e4 e6 2.d4 d5 3.Nc3 Nf6 4.Bg5 Bb4 5.e5 h6 6.Bc1 Ne4 7.Qg4 Kf8 8.Ne2 c5
9.a3 Qa5 10.axb4 Qxa1 11.Nxe4 dxe4 12.bxc5 Nc6 13.Qxe4 Nb4 14.h4 Na2 15.Qe3 Qb1
16.Kd1 Bd7 17.Nc3 Qxc1+ 18.Qxc1 Nxc1 19.Kxc1 Bc6 20.Kd2 f6 21.b4 a6 22.h5 Ke7
23.Ke3 fxe5 24.dxe5 Rhf8 25.Rh4 a5 26.b5 Be8 27.Bd3 Rc8 28.Na4 Rg8 29.g3 g5
30.hxg6 Bxg6 31.Rxh6 Bxd3 32.cxd3 Rh8 33.Rg6 Rcg8 34.Rxg8 Rxg8 35.d4 Rh8
36.Nc3 Rh1 37.Kd3 Rf1 38.f4 Rf3+ 39.Kc4 Rxg3 40.d5 Rf3 41.d6+  1-0

[Event "CUCA Open"]
[Site "Luanda ANG"]
[Date "2011.05.18"]
[Round "2"]
[White "Pascoal,E"]
[Black "Short,N"]
[Result "0-1"]
[WhiteElo "2210"]
[BlackElo "2682"]

1.d4 Nf6 2.Nf3 c5 3.e3 g6 4.Be2 Bg7 5.O-O O-O 6.b3 cxd4 7.exd4 d5 8.Nbd2 Nc6
9.Bb2 Bd7 10.a3 Rc8 11.c4 dxc4 12.bxc4 Nh5 13.Nb3 Nf4 14.Re1 Qb6 15.Bf1  0-1

[Event "CUCA Open"]
[Site "Luanda ANG"]
[Date "2011.05.21"]
[Round "5"]
[White "Short,N"]
[Black "Gwaze,R"]
[Result "1/2-1/2"]
[WhiteElo "2682"]
[BlackElo "2429"]

1.d4 Nf6 2.c4 e6 3.Nf3 b6 4.g3 Ba6 5.Qb3 d5 6.cxd5 Qxd5 7.Nc3 Qxb3 8.axb3 Bb4
9.Bg2 Bb7 10.O-O a5 11.Bf4 Na6 12.Ne5 Bxg2 13.Kxg2 Nd5 14.Rfc1 Nxf4+ 15.gxf4 f6
16.Nd3 Kd7 17.Kf3 Rhd8 18.e3 Bf8 19.h4 Kc8 20.Ke2 Kb7 21.h5 h6 22.Rg1 Nb4
23.Nxb4 axb4 24.Ne4 Rxa1 25.Rxa1 Rd5 26.Rh1 Be7 27.Nd2 Ra5 28.Kd3 Ra2 29.Rg1 Bf8
30.Kc2 Ra5 31.Rh1 Rf5 32.Kd3 Be7 33.Nf3 Ra5 34.e4 Ra2 35.Kc2 Ra5 36.e5 Rd5
37.Rg1 Bf8 38.Rg6 c5 39.exf6 gxf6 40.Rxf6 Bd6 41.Rxh6 cxd4 42.Kd3 Bxf4 43.Rxe6 Rxh5  1/2-1/2

[Event "ch-Commonwealth RSA-Open"]
[Site "Ekurhuleni RSA"]
[Date "2011.06.24"]
[Round "10"]
[White "Laxman,R"]
[Black "Short,N"]
[Result "0-1"]
[WhiteElo "2446"]
[BlackElo "2682"]

1.Nf3 c5 2.c4 Nf6 3.Nc3 Nc6 4.e3 e6 5.d4 d5 6.a3 a6 7.dxc5 Bxc5 8.b4 Bd6
9.Bb2 O-O 10.cxd5 exd5 11.Be2 Be6 12.O-O Qe7 13.Rc1 Rfe8 14.h3 Rad8 15.Nd4 Ne5
16.Qb3 Bb8 17.Nxe6 fxe6 18.b5 Qd6 19.g3 Rc8 20.bxa6 bxa6 21.Na4 Rxc1 22.Rxc1 Ne4
23.Qb7 Qf8 24.Rf1 Nd2 25.Rd1 Nec4 26.Bd4 Ne4 27.f4 Ncd6 28.Qxa6 Nxg3 29.Bd3 Ndf5
30.Bb5 Nxd4 31.Rxd4 Qxa3 32.Bxe8 Qxe3+ 33.Kg2 Ne2 34.Rb4 Nxf4+ 35.Rxf4 Bxf4
36.Bd7 Qg3+ 37.Kf1 Qxh3+ 38.Kf2 Kf7 39.Qc8 Qe3+ 40.Kf1 Qd3+ 41.Kf2 Be3+ 42.Kf3 Bd4+
43.Kg2 Qe2+ 44.Kh3 Qf1+ 45.Kg3 Be5+  0-1

[Event "ch-Commonwealth RSA-Open"]
[Site "Ekurhuleni RSA"]
[Date "2011.06.24"]
[Round "11.1"]
[White "Short,N"]
[Black "Lafuente,P"]
[Result "1-0"]
[WhiteElo "2682"]
[BlackElo "2555"]

1.e4 c6 2.Nc3 d5 3.Nf3 Bg4 4.h3 Bxf3 5.Qxf3 e6 6.Be2 Nf6 7.O-O Nbd7 8.d3 Bd6
9.Bd1 O-O 10.Nb1 Qb6 11.Nd2 Ne5 12.Qe2 Ng6 13.a4 a5 14.Nb3 dxe4 15.dxe4 Bf4
16.Re1 Bxc1 17.Rxc1 Ne5 18.Kh1 Rfd8 19.f4 Ned7 20.c3 Nc5 21.Nxc5 Qxc5 22.Bb3 Qh5
23.Qe3 Rd7 24.Rcd1 Rad8 25.Rxd7 Rxd7 26.Kg1 Qh4 27.Rf1 h6 28.Rf2 Ne8 29.Qc5 Nf6
30.Bc2 Qg3 31.b4 axb4 32.cxb4 Qa3 33.Kh2 Qc1 34.e5  1-0

[Event "ch-Commonwealth RSA-Open"]
[Site "Ekurhuleni RSA"]
[Date "2011.06.28"]
[Round "6"]
[White "Grover,S"]
[Black "Short,N"]
[Result "1/2-1/2"]
[WhiteElo "2485"]
[BlackElo "2682"]

1.e4 c6 2.d4 d5 3.Nc3 dxe4 4.Nxe4 Nf6 5.Nxf6+ gxf6 6.c3 h5 7.Bf4 Nd7 8.Nf3 h4
9.h3 Nb6 10.c4 Bf5 11.Qb3 Bh6 12.Bxh6 Rxh6 13.Bd3 Bxd3 14.Qxd3 Qc7 15.b3 O-O-O
16.Qe3 Rh5 17.O-O-O Kb8 18.Kb2 e6 19.Qe4 Rg8 20.Rhg1 Nc8 21.Rd2 Nd6 22.Qe3 Nf5
23.Qe4 Ne7 24.Rc2 Qd6 25.Rd2 Qc7 26.Rc2 Rf5 27.Rd1 Rf4 28.Qe2 Qd6 29.Qf1 a6
30.Rcd2 Nf5 31.Rd3 Re4 32.R1d2 Ka8 33.Kb1 Ne7 34.Ne1 Nf5 35.Nc2 Rf4 36.Kb2 Ka7
37.Kb1 Kb8 38.Kb2 Ka8 39.Kb1 Ka7 40.Rd1 Kb8 41.R1d2 Ka8  1/2-1/2

[Event "ch-Commonwealth RSA-Open"]
[Site "Ekurhuleni RSA"]
[Date "2011.06.29"]
[Round "7"]
[White "Short,N"]
[Black "Gupta,Ab"]
[Result "1/2-1/2"]
[WhiteElo "2682"]
[BlackElo "2604"]

1.e4 e5 2.Nf3 Nc6 3.Bc4 Nf6 4.d4 exd4 5.e5 d5 6.Bb5 Ne4 7.Nxd4 Nc5 8.Bc4 Ne4
9.Bb5 Bd7 10.Bxc6 bxc6 11.O-O Bc5 12.Be3 Qb8 13.Nc3 Nxc3 14.bxc3 Bb6 15.a4 a5
16.c4 O-O 17.c5 Bxc5 18.Nxc6 Bxc6 19.Bxc5 Re8 20.f4 Qc8 21.Ra3 Qf5 22.g4 Qd7
23.Bd4 Bxa4 24.Rf2 Rac8 25.f5 c5 26.e6 fxe6 27.Bxg7 Qxg7 28.f6 Qf7 29.Rxa4 e5
30.Rxa5 e4 31.g5 e3 32.Rg2 Re5 33.h4 e2 34.Rxe2 Qh5 35.Re1 Qxh4 36.Rxe5 Qg3+
37.Kh1 Qh3+ 38.Kg1 Qg3+ 39.Kh1  1/2-1/2

[Event "ch-Commonwealth RSA-Open"]
[Site "Ekurhuleni RSA"]
[Date "2011.07.01"]
[Round "9"]
[White "Ringoir,T"]
[Black "Short,N"]
[Result "0-1"]
[WhiteElo "2399"]
[BlackElo "2682"]

1.e4 e5 2.Nf3 Nc6 3.Bb5 a6 4.Ba4 Nf6 5.Qe2 Qe7 6.Nc3 Nd4 7.Nxd4 exd4 8.Nd5 Nxd5
9.exd5 d3 10.Qxe7+ Bxe7 11.O-O O-O 12.Re1 Bc5 13.cxd3 b5 14.Bb3 d6 15.Kf1 Bf5
16.Bc2 Rfe8 17.Rxe8+ Rxe8 18.b3 Re5 19.Bb2 Rxd5 20.d4 Bxc2 21.dxc5 dxc5 22.Re1 Bd3+
23.Kg1 f6 24.f3 Bg6 25.Bc1 Kf7 26.Re3 b4 27.Kf2 Bb1  0-1

[Event "ch-Commonwealth RSA-Open"]
[Site "Ekurhuleni RSA"]
[Date "2011.07.03"]
[Round "11"]
[White "Short,N"]
[Black "Lafuente,P"]
[Result "1-0"]
[WhiteElo "2682"]
[BlackElo "2555"]

1.e4 c6 2.Nf3 d5 3.Nc3 Bg4 4.h3 Bxf3 5.Qxf3 e6 6.Be2 Nf6 7.O-O Bd6 8.Bd1 Nbd7
9.d3 O-O 10.Nb1 Qb6 11.Nd2 Ne5 12.Qe2 Ng6 13.a4 a5 14.Nb3 dxe4 15.dxe4 Bf4
16.Re1 Bxc1 17.Rxc1 Ne5 18.Kh1 Rfd8 19.f4 Ned7 20.c3 Nc5  1-0

[Event "98th ch-GBR"]
[Site "Sheffield ENG"]
[Date "2011.08.03"]
[Round "9.1"]
[White "Pert,N"]
[Black "Short,N"]
[Result "1/2-1/2"]
[WhiteElo "2555"]
[BlackElo "2687"]

1.d4 d5 2.c4 c6 3.Nf3 Nf6 4.e3 g6 5.Nc3 Bg7 6.Be2 O-O 7.O-O Re8 8.b3 Bg4
9.Bb2 Nbd7 10.h3 Bxf3 11.Bxf3 dxc4 12.bxc4 e5 13.Rb1 h5 14.Ba3 Qa5 15.Qc1 exd4
16.exd4 Qa6 17.c5 Rac8 18.Rd1 b6 19.cxb6 axb6 20.Bd6 b5 21.Qa3 Qxa3 22.Bxa3 Nb6
23.Bc1 Red8 24.Bg5 Rd7 25.Rbc1 b4 26.Ne2 Nfd5 27.Rc2 Rd6  1/2-1/2

[Event "98th ch-GBR"]
[Site "Sheffield ENG"]
[Date "2011.08.04"]
[Round "10.2"]
[White "Short,N"]
[Black "Wells,P"]
[Result "1-0"]
[WhiteElo "2687"]
[BlackElo "2489"]

1.b3 d5 2.Bb2 c5 3.e3 a6 4.Nf3 Nc6 5.d4 Bg4 6.Be2 e6 7.O-O Nf6 8.Nbd2 Rc8
9.c4 cxd4 10.Nxd4 Bxe2 11.Qxe2 Nxd4 12.Bxd4 Bc5 13.Bxf6 Qxf6 14.cxd5 exd5
15.Nf3 O-O 16.Rad1 Rfd8 17.Rd3 d4 18.exd4 Bxd4 19.Qe4 Bb6 20.Rxd8+ Rxd8 21.Qxb7 g6
22.b4 Rd3 23.a4 Qd6 24.a5 Bc7 25.g3 Rb3 26.Rc1 Bd8 27.Re1 Bf6 28.Re4 Qd1+
29.Ne1 Kg7 30.Kg2 Rb2 31.Qxa6 Bc3 32.Qc4 Qd2 33.Nd3 Rc2 34.Re7  1-0

[Event "98th ch-GBR"]
[Site "Sheffield ENG"]
[Date "2011.08.05"]
[Round "11"]
[White "Gordon,S"]
[Black "Short,N"]
[Result "1/2-1/2"]
[WhiteElo "2533"]
[BlackElo "2687"]

1.d4 Nc6 2.d5 Ne5 3.e4 e6 4.dxe6 dxe6 5.Qxd8+ Kxd8 6.f4 Nc6 7.c3 Bc5 8.Nf3 a5
9.a4 Nh6 10.Bd3 f6 11.Ke2 Ke7 12.Na3 Bd7 13.Nc4 Nf7 14.h4 h5 15.Be3 Bxe3
16.Nxe3 b6 17.Rhg1 g5 18.g3 g4 19.Nd4 Nd6 20.Rac1 Rhc8 21.b3 Ne8 22.Rgf1 Nd8
23.e5 f5 24.Rfd1 Nb7 25.Rd2 Nc5 26.Rcd1 Ng7 27.Nc4 Nxd3 28.Rxd3 Rd8 29.Na3 Ne8
30.Ke3 Rac8 31.R3d2 Rb8 32.Rd3 Rbc8 33.R1d2 Rb8 34.Kf2 Rbc8 35.Ke2 Ra8 36.Ke3 Rab8
37.Ke2 Ra8 38.Kf2 Rac8 39.Rd1 Rb8 40.R3d2 Rbc8 41.Ke1 Ra8 42.Rd3 Rab8 43.R1d2 Ra8
44.Kd1 Ng7 45.Kc2 Ne8 46.Kb2 Ng7 47.Nc4 Be8 48.Ka3 Rdc8 49.Nb5 Bc6 50.Rd4 Ne8
51.Nbd6 Rd8 52.Nxe8 Rxd4 53.Rxd4 Kxe8  1/2-1/2

[Event "Trans-Europa-Schach-Express 2012"]
[Site "Potsdam GER"]
[Date "2012.10.13"]
[Round "3.1"]
[White "Paehtz,E"]
[Black "Short,N"]
[Result "0-1"]
[WhiteElo "2482"]
[BlackElo "2707"]

1.e4 e5 2.Nf3 Nc6 3.Bc4 Nf6 4.d3 Be7 5.O-O O-O 6.Re1 d6 7.a4 Be6 8.Nc3 Re8
9.Bd2 Bf8 10.Nd5 h6 11.a5 a6 12.c3 Bxd5 13.exd5 Ne7 14.Qb3 Rb8 15.Qa2 g5
16.Be3 Ng4 17.b4 Qd7 18.Bd2 Ng6 19.Rab1 Qf5 20.Be3 Bg7 21.b5 axb5 22.Bxb5 Red8
23.Qc4 Nf4 24.Bxf4 exf4 25.Qxc7 Rbc8 26.Qb6 Bxc3 27.Rec1 Qf6 28.Bc4 Ne5 29.Nxe5 Bxe5
30.Qxb7 f3 31.Re1 Qf4 32.g3 Qf5 33.Kh1 Bxg3 34.fxg3 f2 35.Kg2 fxe1=N+ 36.Rxe1 Rb8
37.Qe7 Rb2+ 38.Re2 Rdb8 39.a6 Rxe2+ 40.Qxe2 Qf6 41.Qe3 Rb2+ 42.Kh3 Qf5+ 43.g4 Qf1+
44.Kg3 Qg2+  0-1

[Event "Trans-Europa-Schach-Express 2012"]
[Site "Potsdam GER"]
[Date "2012.10.13"]
[Round "4.1"]
[White "Short,N"]
[Black "Kurmann,O"]
[Result "1-0"]
[WhiteElo "2707"]
[BlackElo "2450"]

1.e4 d6 2.Nc3 Nf6 3.f4 d5 4.e5 d4 5.Nce2 d3 6.cxd3 Nd5 7.d4 Nc6 8.d3 h5 9.a3 h4
10.Kf2 Bg4 11.Qb3 Nb6 12.Be3 Qd7 13.Rc1 f6 14.h3 Be6 15.Qc2 O-O-O 16.b4 a6
17.Nf3 Nd5 18.Bd2 g6 19.Qb2 fxe5 20.dxe5 Bh6 21.a4 Ncxb4 22.Bxb4 Nxf4 23.Ned4 Rhf8
24.Kg1 Bd5 25.Bd2 g5 26.Ba5 Qxa4 27.Bxc7 Rd7  1-0

[Event "Trans-Europa-Schach-Express 2012"]
[Site "Potsdam GER"]
[Date "2012.10.14"]
[Round "6.1"]
[White "Short,N"]
[Black "Huebner,R"]
[Result "1-0"]
[WhiteElo "2707"]
[BlackElo "2581"]

1.e4 e5 2.Nf3 Nc6 3.Bb5 Nf6 4.O-O d6 5.Bxc6+ bxc6 6.d4 exd4 7.Qxd4 Be7 8.e5 c5
9.Qd3 Nd7 10.exd6 cxd6 11.c4 O-O 12.Nc3 Nb6 13.Rd1 Bg4 14.b3 Qd7 15.Bf4 Rad8
16.h3 Bh5 17.Nd5 Bg6 18.Nxe7+ Qxe7 19.Qe3 Qxe3 20.fxe3 Nc8 21.Rd2 f6 22.Rad1 Rfe8
23.Kf2 Re6 24.Ng1 Be4 25.Ne2 Kf7 26.Nc3 Bc6 27.g4 g5 28.Bg3 a6 29.a3 Rd7
30.b4 Rb7 31.Rb2 cxb4 32.axb4 Kg6 33.Rd4 f5 34.gxf5+ Kxf5 35.b5 axb5 36.cxb5 Kg6
37.e4 Bd7 38.Ke3 Rf6 39.h4 Bg4 40.Rf2 Rxf2 41.Kxf2 gxh4 42.Bxh4 Bd7 43.Rd5 Be6
44.Rg5+ Kf7 45.Ke3 Ne7 46.Bg3 Nc8 47.Bf4 Ke8 48.Kd4 Rc7 49.Rh5 Rc4+ 50.Kd3 Rb4
51.Rxh7 Bc4+ 52.Kd2 Rb3 53.Kc2 Rb4 54.Kd2 Rb2+ 55.Ke3 Rb4 56.Rb7 Kd8 57.Bg5+ Ke8
58.Bf6 Kf8 59.Rc7 Nb6 60.Be7+ Ke8 61.Bxd6 Rb3 62.Kd4 Bxb5 63.Re7+ Kd8 64.Rb7 Bc4
65.Bc7+ Kc8 66.Rxb6 Kxc7 67.Kxc4  1-0

[Event "Trans-Europa-Schach-Express 2012"]
[Site "Potsdam GER"]
[Date "2012.10.14"]
[Round "7.5"]
[White "Hort,V"]
[Black "Short,N"]
[Result "1-0"]
[WhiteElo "2463"]
[BlackElo "2707"]

1.e4 c5 2.g3 d5 3.exd5 Qxd5 4.Nf3 Bg4 5.Bg2 Qe6+ 6.Kf1 Nc6 7.h3 Bh5 8.d3 Rd8
9.Be3 c4 10.Nc3 Nf6 11.g4 Bg6 12.Nh4 a6 13.Nxg6 hxg6 14.g5 Nd7 15.d4 Qd6
16.d5 Ncb8 17.Qd4 Rc8 18.Ne4 Qe5 19.Rd1 Qxd4 20.Rxd4 f5 21.Nc3 b5 22.Ne2 Nc5
23.Nf4 Kf7 24.Ke2 Na4 25.b3 Nb6 26.h4 N8d7 27.Rd2 a5 28.Bf3 Rg8 29.h5 gxh5
30.g6+ Ke8 31.Rxh5 Rb8 32.Rxf5 Rh8 33.Rh5 Rxh5 34.Bxh5 e5 35.dxe6 Nf6 36.Bf3 Bb4
37.Rd1 Ke7 38.Bc6 cxb3 39.axb3 Rc8 40.Bxb6 Rxc6 41.Bd8+ Kf8 42.Bxf6 gxf6
43.Rd8+ Kg7 44.Rd7+ Kf8 45.g7+ Kg8 46.Kf3 f5 47.e7 Bxe7 48.Rxe7 Rxc2 49.Nd5 Rc6
50.Kf4 a4 51.bxa4 bxa4 52.Ke5  1-0

[Event "Trans-Europa-Schach-Express 2012"]
[Site "Potsdam GER"]
[Date "2012.10.14"]
[Round "8.5"]
[White "Short,N"]
[Black "Kindermann,S"]
[Result "1-0"]
[WhiteElo "2707"]
[BlackElo "2493"]

1.e4 e6 2.d4 d5 3.Nc3 Nf6 4.exd5 exd5 5.Bg5 Be7 6.Bd3 c6 7.Qd2 O-O 8.O-O-O Re8
9.h4 b5 10.Re1 Nbd7 11.Nf3 Nb6 12.Ne5 Bd7 13.Qf4 Rc8 14.Re3 Be6 15.h5 b4
16.Ne2 Nc4 17.Rg3 Kh8 18.Kb1 Nxe5 19.dxe5 Ne4 20.Bxe4 dxe4 21.h6 g6 22.Kc1 Bxg5
23.Rxg5 Qe7 24.Ng3 Bd5 25.Re1 Rcd8 26.b3 c5 27.Nxe4 Bxe4 28.Rxe4 f5 29.Re1 Rd5
30.Rg3 Rxe5 31.Rge3 Rxe3 32.Rxe3 Qf7 33.Qc7  1-0

[Event "Talking Chess Match Classical"]
[Site "Tehran IRI"]
[Date "2013.03.10"]
[Round "2"]
[White "Ghaem Maghami,E"]
[Black "Short,N"]
[Result "1/2-1/2"]
[WhiteElo "2568"]
[BlackElo "2697"]

1.e4 e5 2.Nf3 Nc6 3.Bb5 Nge7 4.Nc3 Ng6 5.d4 exd4 6.Nxd4 Bc5 7.Be3 Bxd4 8.Bxd4 O-O
9.Be3 d6 10.Qd2 a6 11.Be2 f5 12.f4 fxe4 13.O-O-O Nh4 14.g4 Kh8 15.f5 Ng2
16.Bg5 e3 17.Bxe3 Nxe3 18.Qxe3 Bd7 19.Rhf1 Qh4 20.Nd5 Rae8 21.Qd2 Qd8 22.Rf3 Re4
23.Nf4 Nd4 24.Ng6+ hxg6 25.Rh3+ Kg8 26.Bc4+ Ne6 27.Bd5 Re5 28.fxe6 Bxe6 29.Bxe6+ Rxe6
30.Qd5 Re8 31.Re3 Qc8 32.Rde1 Kf7 33.Qf3+ Kg8 34.Qd5 Kf7 35.Qf3+ Kg8 36.Qd5  1/2-1/2

[Event "Talking Chess Match Classical"]
[Site "Tehran IRI"]
[Date "2013.03.11"]
[Round "4"]
[White "Ghaem Maghami,E"]
[Black "Short,N"]
[Result "1/2-1/2"]
[WhiteElo "2568"]
[BlackElo "2697"]

1.e4 e6 2.d4 d5 3.Nd2 c5 4.Ngf3 Nf6 5.exd5 Nxd5 6.dxc5 Bxc5 7.Ne4 Be7 8.Bc4 Nc6
9.O-O O-O 10.Re1 h6 11.a3 b6 12.Qe2 Qc7 13.Bxd5 exd5 14.Nc3 Be6 15.Nb5 Qd7
16.Nbd4 Bf6 17.Qd3 Nxd4 18.Nxd4 Bxd4 19.Qxd4 Rac8 20.c3 Rc4 21.Qe5 Re8 22.Bf4 Qb5
23.Qe2 Bd7 24.Qd2 Rce4 25.Rxe4 dxe4 26.c4 Qf5 27.b3 Bc6 28.Be3 Kh7 29.Qd6 Re6
30.Qf4 Qxf4 31.Bxf4 g5 32.Bb8 a6 33.Rd1 b5 34.Rd6 Rxd6  1/2-1/2

[Event "Talking Chess Match Rapid"]
[Site "Tehran IRI"]
[Date "2013.03.12"]
[Round "1"]
[White "Short,N"]
[Black "Ghaem Maghami,E"]
[Result "1-0"]
[WhiteElo "2697"]
[BlackElo "2568"]

1.e4 c5 2.Nc3 d6 3.Nge2 a6 4.g3 g6 5.Bg2 Bg7 6.d3 Nc6 7.O-O e5 8.f4 Nge7
9.Be3 Nd4 10.Qd2 O-O 11.Rf2 Be6 12.Raf1 Qd7 13.Nc1 Rac8 14.Nd1 exf4 15.Bxf4 d5
16.Bh6 dxe4 17.Bxg7 Kxg7 18.dxe4 Rcd8 19.Qg5 Bc4 20.Re1 Ne6 21.Qf6+ Kg8 22.Ne3 Bb5
23.Ng4 h5 24.Nh6+ Kh7 25.Nxf7 Nd4 26.Nd3 Bxd3 27.cxd3 Ng8 28.Qh8+  1-0